[Event "V4 OPEN - International Championship of Slovakia 2
[Site "Banska Stiavnica"]
[Date "2013.07.09"]
[Round "4"]
[Board "5"]
[White "Nagy, Gabor"]
[Black "Kocetkova, Julia"]
[Result "0-1"]
[WhiteElo "2449"]
[BlackElo "2328"]
[PlyCount "0"]
[EventDate "2013.07.06"]
[EventRounds "9"]
[EventCountry "SVK"]

1. d4 {[%clk 1:30:56]} d5 {[%clk 1:30:50]} 2. c4 {[%clk 1:31:17]} e6
{[%clk 1:31:03]} 3. Nf3 {[%clk 1:31:39]} Nf6 {[%clk 1:30:48]} 4. g3
{[%clk 1:32:01]} Bb4+ {[%clk 1:30:10]} 5. Nbd2 {[%clk 1:32:21]} O-O
{[%clk 1:28:14]} 6. Bg2 {[%clk 1:32:26]} c5 {[%clk 1:04:23]} 7. dxc5
{[%clk 1:31:47]} Nc6 {[%clk 1:02:34]} 8. O-O {[%clk 1:27:28]} Bxc5
{[%clk 1:01:18]} 9. Qc2 {[%clk 1:27:09]} Qe7 {[%clk 0:56:48]} 10. a3
{[%clk 1:22:15]} dxc4 {[%clk 0:47:01]} 11. Nxc4 {[%clk 1:21:05]} Bd7
{[%clk 0:47:19]} 12. b4 {[%clk 1:20:36]} Nd4 {[%clk 0:44:41]} 13. Qb2
{[%clk 1:20:19]} Nxf3+ {[%clk 0:44:26]} 14. Bxf3 {[%clk 1:20:14]} Bb5
{[%clk 0:43:22]} 15. Na5 {[%clk 1:14:34]} Bb6 {[%clk 0:40:50]} 16. Qe5
{[%clk 1:11:08]} Qd7 {[%clk 0:36:33]} 17. Bb2 {[%clk 1:10:03]} Bc7
{[%clk 0:36:19]} 18. Qg5 {[%clk 1:10:02]} h6 {[%clk 0:32:45]} 19. Qh4
{[%clk 1:09:56]} Bxa5 {[%clk 0:31:15]} 20. bxa5 {[%clk 1:10:15]} Nd5
{[%clk 0:31:15]} 21. Rfd1 {[%clk 1:06:18]} Qe7 {[%clk 0:27:13]} 22. Qd4
{[%clk 0:59:54]} Nf6 {[%clk 0:25:16]} 23. Qf4 {[%clk 0:51:12]} Rad8
{[%clk 0:21:53]} 24. g4 {[%clk 0:43:53]} Rxd1+ {[%clk 0:19:07]} 25. Rxd1
{[%clk 0:44:15]} Rd8 {[%clk 0:19:23]} 26. Rxd8+ {[%clk 0:43:12]} Qxd8
{[%clk 0:19:45]} 27. Kg2 {[%clk 0:39:50]} Qxa5 {[%clk 0:11:49]} 28. Qb8+
{[%clk 0:38:17]} Ne8 {[%clk 0:11:47]} 29. Qxb7 {[%clk 0:38:36]} Qa4
{[%clk 0:11:47]} 30. Bc3 {[%clk 0:36:17]} a6 {[%clk 0:10:52]} 31. Bb4
{[%clk 0:35:48]} Qd1 {[%clk 0:10:50]} 32. Qa8 {[%clk 0:30:11]} Kh7
{[%clk 0:08:37]} 33. Qe4+ {[%clk 0:27:01]} Kg8 {[%clk 0:09:06]} 34. h4
{[%clk 0:27:01]} Qd8 {[%clk 0:08:48]} 35. Kh3 {[%clk 0:24:31]} Qd1
{[%clk 0:08:32]} 36. Bc3 {[%clk 0:19:39]} Nf6 {[%clk 0:07:10]} 37. Qa8+
{[%clk 0:19:05]} Ne8 {[%clk 0:05:53]} 38. Kg2 {[%clk 0:18:39]} Qd6
{[%clk 0:05:46]} 39. Bb4 {[%clk 0:17:13]} Qd1 {[%clk 0:05:33]} 40. g5
{[%clk 0:15:25]} hxg5 {[%clk 0:04:53]} 41. hxg5 {[%clk 0:15:46]} Qd4
{[%clk 0:04:47]} 42. Qc8 {[%clk 0:13:47]} Qe5 {[%clk 0:00:43]} 43. Qc5
{[%clk 0:11:48]} Qf4 {[%clk 0:24:26]} 44. Qe7 {[%clk 0:34:51]} Kh7
{[%clk 0:22:29]} 45. Bc5 {[%clk 0:31:31]} Qf5 {[%clk 0:17:21]} 46. Be3
{[%clk 0:30:16]} Kg8 {[%clk 0:17:33]} 47. Kg3 {[%clk 0:29:06]} Qb1
{[%clk 0:17:26]} 48. Kg2 {[%clk 0:27:23]} Qf5 {[%clk 0:17:48]} 49. Qc5
{[%clk 0:24:14]} Qb1 {[%clk 0:18:17]} 50. Qd4 {[%clk 0:22:21]} Qa2
{[%clk 0:17:54]} 51. Qh4 {[%clk 0:11:37]} Bxe2 {[%clk 0:13:42]} 52. Be4
{[%clk 0:11:58]} f5 {[%clk 0:13:03]} 53. g6 {[%clk 0:07:44]} Qc4 {[%clk 0:10:58]}
54. f3 {[%clk 0:04:05]} Bxf3+ {[%clk 0:09:28]} 55. Kg1 {[%clk 0:03:13]} Nf6
{[%clk 0:07:07]} 56. Qg3 {[%clk 0:03:31]} Qb3 {[%clk 0:07:07]} 57. Bd3
{[%clk 0:02:59]} Bc6 {[%clk 0:06:33]} 58. Bc5 {[%clk 0:01:24]} f4
{[%clk 0:04:46]} 59. Qh3 {[%clk 0:01:08]} Qd5 {[%clk 0:05:09]} 60. Be7
{[%clk 0:01:06]} Qe5 {[%clk 0:03:55]} 61. Bxf6 {[%clk 0:01:08]} Qxf6
{[%clk 0:04:04]} 62. Kf1 {[%clk 0:00:43]} Qa1+ {[%clk 0:03:39]} 63. Kf2
{[%clk 0:01:12]} Qd4+ {[%clk 0:03:31]} 64. Ke1 {[%clk 0:01:29]} Bd5
{[%clk 0:02:01]} 65. Bxa6 {[%clk 0:01:07]} f3 {[%clk 0:01:50]} 66. Qg3
{[%clk 0:01:01]} e5 {[%clk 0:01:01]} 67. Qh3 {[%clk 0:00:37]} Qe4+
{[%clk 0:01:20]} 68. Kf2 {[%clk 0:00:55]} Qc2+ {[%clk 0:00:54]} 69. Kf1
{[%clk 0:00:48]} Qd1+ {[%clk 0:01:09]} 70. Kf2 {[%clk 0:01:13]} Qd4+
{[%clk 0:01:09]} 71. Ke1 {[%clk 0:01:32]} Qa1+ {[%clk 0:01:07]} 72. Kf2
{[%clk 0:01:53]} Qd4+ {[%clk 0:00:54]} 73. Ke1 {[%clk 0:02:18]} Qc3+
{[%clk 0:00:53]} 74. Kf2 {[%clk 0:02:34]} Qc5+ {[%clk 0:00:59]} 75. Kf1
{[%clk 0:02:45]} Qc1+ {[%clk 0:00:34]} 76. Kf2 {[%clk 0:03:09]} Qc5+
{[%clk 0:00:39]} 77. Kf1 {[%clk 0:03:33]} Qc1+ {[%clk 0:00:34]} 78. Kf2
{[%clk 0:03:58]} Qd2+ {[%clk 0:00:40]} 79. Kf

[Event "V4 OPEN - International Championship of Slovakia 2
[Site "Banska Stiavnica"]
[Date "2013.07.09"]
[Round "4"]
[Board "6"]
[White "Dzikowski, Michal"]
[Black "Bokros, Albert"]
[Result "0-1"]
[WhiteElo "1904"]
[BlackElo "2439"]
[PlyCount "0"]
[EventDate "2013.07.06"]
[EventRounds "9"]
[EventCountry "SVK"]

1. b3 {[%clk 1:30:58]} Nf6 {[%clk 1:29:37]} 2. Bb2 {[%clk 1:31:15]} e6
{[%clk 1:29:56]} 3. e3 {[%clk 1:31:29]} Be7 {[%clk 1:29:35]} 4. f4
{[%clk 1:28:01]} b6 {[%clk 1:28:08]} 5. Nf3 {[%clk 1:27:38]} Bb7 {[%clk 1:28:26]}
6. Be2 {[%clk 1:27:30]} c5 {[%clk 1:27:48]} 7. O-O {[%clk 1:27:05]} d6
{[%clk 1:27:30]} 8. Nc3 {[%clk 1:21:05]} a6 {[%clk 1:19:32]} 9. Qe1
{[%clk 1:17:51]} h6 {[%clk 1:08:49]} 10. Qg3 {[%clk 1:09:28]} Rg8
{[%clk 1:04:35]} 11. d3 {[%clk 1:06:57]} Nc6 {[%clk 1:00:31]} 12. d4
{[%clk 0:52:19]} Qc7 {[%clk 0:55:38]} 13. dxc5 {[%clk 0:50:03]} bxc5
{[%clk 0:54:22]} 14. Nd2 {[%clk 0:48:50]} O-O-O {[%clk 0:50:38]} 15. Nc4
{[%clk 0:43:55]} g5 {[%clk 0:37:36]} 16. f5 {[%clk 0:43:14]} h5 {[%clk 0:33:36]}
17. Na4 {[%clk 0:24:25]} h4 {[%clk 0:29:43]} 18. Qe1 {[%clk 0:24:39]} Rgf8
{[%clk 0:22:27]} 19. Bd3 {[%clk 0:18:18]} d5 {[%clk 0:20:31]} 20. Ncb6+
{[%clk 0:12:28]} Kb8 {[%clk 0:20:49]} 21. Qe2 {[%clk 0:12:30]} Ne5
{[%clk 0:15:14]} 22. h3 {[%clk 0:03:39]} Ka7 {[%clk 0:08:15]} 23. fxe6
{[%clk 0:01:33]} fxe6 {[%clk 0:08:31]} 24. b4 {[%clk 0:01:02]} c4
{[%clk 0:04:45]} 25. Bd4 {[%clk 0:01:25]} Kb8 {[%clk 0:05:10]} 26. Bf5
{[%clk 0:00:41]} exf5 {[%clk 0:04:54]} 27. Rxf5 {[%clk 0:01:04]} Nfd7
{[%clk 0:03:04]} 28. Raf1 {[%clk 0:00:59]} Bc6 {[%clk 0:01:55]} 29. Nxd7+
{[%clk 0:00:34]} Nxd7 {[%clk 0:02:09]} 30. Nc5 {[%clk 0:00:47]} Bxc5
{[%clk 0:01:23]} 31. bxc5 {[%clk 0:00:57]} Qa5 {[%clk 0:00:57]} 32. Be5+
{[%clk 0:00:39]} Ka8 {[%clk 0:01:00]} 33. Rxg5 {[%clk 0:00:38]} Nxe5
{[%clk 0:01:00]} 34. Rxe5 {[%clk 0:01:01]} Qxc5 {[%clk 0:01:16]} 35. Ref5
{[%clk 0:00:53]} Rxf5 {[%clk 0:01:10]} 36. Rxf5 {[%clk 0:01:19]} Re8
{[%clk 0:01:32]} 37. Kf2 {[%clk 0:01:18]} Qd6 {[%clk 0:01:29]} 0-1

[Event "V4 OPEN - International Championship of Slovakia 2
[Site "Banska Stiavnica"]
[Date "2013.07.09"]
[Round "4"]
[Board "7"]
[White "Leniart, Arkadiusz"]
[Black "Vojtek, Vladimir"]
[Result "1-0"]
[WhiteElo "2473"]
[BlackElo "2278"]
[PlyCount "0"]
[EventDate "2013.07.06"]
[EventRounds "9"]
[EventCountry "SVK"]

1. e4 {[%clk 1:30:51]} e6 {[%clk 1:30:51]} 2. d4 {[%clk 1:31:10]} d5
{[%clk 1:31:16]} 3. Nd2 {[%clk 1:31:29]} c5 {[%clk 1:31:34]} 4. exd5
{[%clk 1:31:09]} exd5 {[%clk 1:31:57]} 5. Bb5+ {[%clk 1:31:09]} Bd7
{[%clk 1:32:00]} 6. Bxd7+ {[%clk 1:30:00]} Nxd7 {[%clk 1:31:01]} 7. dxc5
{[%clk 1:30:22]} Nxc5 {[%clk 1:29:51]} 8. Ne2 {[%clk 1:30:35]} Nf6
{[%clk 1:28:53]} 9. O-O {[%clk 1:25:46]} Bd6 {[%clk 1:27:18]} 10. Nb3
{[%clk 1:18:16]} O-O {[%clk 1:12:01]} 11. Nxc5 {[%clk 1:11:22]} Bxc5
{[%clk 1:12:19]} 12. Bg5 {[%clk 1:11:46]} Rc8 {[%clk 1:02:58]} 13. c3
{[%clk 1:02:02]} Re8 {[%clk 0:58:00]} 14. Qd3 {[%clk 0:52:07]} h6
{[%clk 0:55:48]} 15. Bxf6 {[%clk 0:48:26]} Qxf6 {[%clk 0:55:51]} 16. Rad1
{[%clk 0:46:19]} a6 {[%clk 0:43:38]} 17. g3 {[%clk 0:37:38]} g5 {[%clk 0:39:43]}
18. Kg2 {[%clk 0:36:41]} Rcd8 {[%clk 0:35:52]} 19. Nc1 {[%clk 0:34:22]} b5
{[%clk 0:33:18]} 20. Qf3 {[%clk 0:31:34]} Kg7 {[%clk 0:29:06]} 21. h3
{[%clk 0:29:07]} Bb6 {[%clk 0:26:34]} 22. Nb3 {[%clk 0:27:45]} Re5
{[%clk 0:17:50]} 23. Qxf6+ {[%clk 0:21:34]} Kxf6 {[%clk 0:18:18]} 24. Rd2
{[%clk 0:21:40]} h5 {[%clk 0:13:06]} 25. f4 {[%clk 0:18:59]} gxf4
{[%clk 0:10:11]} 26. Rxf4+ {[%clk 0:19:26]} Rf5 {[%clk 0:10:16]} 27. Rxf5+
{[%clk 0:19:06]} Kxf5 28. Kf3 {[%clk 0:19:18]} Kg5 {[%clk 0:07:00]} 29. Nd4
{[%clk 0:18:03]} Rd6 {[%clk 0:06:19]} 30. Ne2 {[%clk 0:17:48]} h4
{[%clk 0:05:05]} 31. gxh4+ {[%clk 0:16:15]} Kxh4 {[%clk 0:05:16]} 32. Nf4
{[%clk 0:16:30]} d4 {[%clk 0:04:22]} 33. Ke4 {[%clk 0:16:42]} f5+
{[%clk 0:02:40]} 34. Kxf5 {[%clk 0:16:36]} Kg3 {[%clk 0:02:23]} 35. cxd4
{[%clk 0:16:30]} Kf3 {[%clk 0:02:24]} 36. Rd3+ {[%clk 0:16:13]} Kf2
{[%clk 0:02:49]} 37. d5 {[%clk 0:15:22]} a5 {[%clk 0:01:25]} 38. h4
{[%clk 0:15:03]} Bd8 {[%clk 0:01:34]} 39. h5 {[%clk 0:14:58]} Rf6+
{[%clk 0:01:49]} 40. Ke4 {[%clk 0:15:15]} Ke1 {[%clk 0:01:30]} 41. d6
{[%clk 0:14:58]} a4 {[%clk 0:01:54]} 42. Ke5 {[%clk 0:12:34]} Rh6
{[%clk 0:30:02]} 43. Rh3 {[%clk 0:39:16]} Kd1 {[%clk 0:29:17]} 44. b3
{[%clk 0:33:45]} a3 {[%clk 0:26:40]} 45. Ne6 {[%clk 0:33:29]} Bf6+
{[%clk 0:26:55]} 46. Kd5 {[%clk 0:31:37]} Kc1 {[%clk 0:27:14]} 47. d7
{[%clk 0:30:23]} Kb1 {[%clk 0:27:00]} 48. Rh2 {[%clk 0:30:31]} Rh8
{[%clk 0:23:43]} 49. h6 {[%clk 0:29:21]} Bb2 {[%clk 0:24:07]} 50. d8=Q
{[%clk 0:29:01]} Rxd8+ {[%clk 0:24:28]} 51. Nxd8 {[%clk 0:29:28]} Kxa2
{[%clk 0:24:54]} 52. Nc6 {[%clk 0:29:25]} Kxb3 {[%clk 0:22:39]} 53. Nd4+
{[%clk 0:29:20]} 1-0

[Event "V4 OPEN - International Championship of Slovakia 2
[Site "Banska Stiavnica"]
[Date "2013.07.09"]
[Round "4"]
[Board "8"]
[White "Peitl, Tomas"]
[Black "Pacher, Milan"]
[Result "0-1"]
[WhiteElo "2211"]
[BlackElo "2455"]
[PlyCount "0"]
[EventDate "2013.07.06"]
[EventRounds "9"]
[EventCountry "SVK"]

1. e4 {[%clk 1:25:03]} c6 {[%clk 1:30:51]} 2. d4 {[%clk 1:25:26]} d5
{[%clk 1:31:17]} 3. Nc3 {[%clk 1:23:10]} dxe4 {[%clk 1:31:39]} 4. Nxe4
{[%clk 1:23:37]} Nf6 {[%clk 1:32:03]} 5. Nxf6+ {[%clk 1:23:16]} gxf6
{[%clk 1:32:30]} 6. Be2 {[%clk 1:10:59]} Rg8 {[%clk 1:26:31]} 7. Bf3
{[%clk 1:09:48]} Be6 {[%clk 1:26:47]} 8. Be3 {[%clk 1:08:03]} Bd5
{[%clk 1:26:08]} 9. g3 {[%clk 1:04:07]} e6 {[%clk 1:25:09]} 10. Nh3
{[%clk 1:01:39]} Qa5+ {[%clk 1:21:42]} 11. c3 {[%clk 1:00:40]} Qb5
{[%clk 1:20:54]} 12. b3 {[%clk 0:56:55]} Nd7 {[%clk 1:11:31]} 13. c4
{[%clk 0:50:44]} Bxf3 {[%clk 1:09:50]} 14. Qxf3 {[%clk 0:50:37]} Qa5+
{[%clk 1:09:54]} 15. Kf1 {[%clk 0:48:38]} O-O-O {[%clk 1:09:48]} 16. Kg2
{[%clk 0:48:04]} h5 {[%clk 1:05:05]} 17. Nf4 {[%clk 0:36:18]} h4 {[%clk 1:04:54]}
18. Rhd1 {[%clk 0:35:44]} Qf5 {[%clk 1:02:20]} 19. d5 {[%clk 0:23:09]} Ne5
{[%clk 1:00:37]} 20. Qe2 {[%clk 0:14:48]} Bh6 {[%clk 0:57:35]} 21. Kf1
{[%clk 0:12:24]} Qe4 {[%clk 0:48:48]} 22. Qe1 {[%clk 0:08:32]} Qh1+
{[%clk 0:44:29]} 23. Ke2 {[%clk 0:08:57]} Qf3+ {[%clk 0:44:54]} 24. Kd2
{[%clk 0:08:08]} exd5 {[%clk 0:44:36]} 25. cxd5 {[%clk 0:07:02]} Bxf4
{[%clk 0:44:45]} 26. Bxf4 {[%clk 0:06:03]} Rxd5+ {[%clk 0:44:36]} 27. Kc2
{[%clk 0:05:38]} Rc5+ {[%clk 0:40:27]} 28. Kb1 {[%clk 0:02:34]} Nd3
{[%clk 0:40:31]} 29. Qd2 {[%clk 0:01:53]} Rd5 {[%clk 0:40:34]} 0-1

[Event "V4 OPEN - International Championship of Slovakia 2
[Site "Banska Stiavnica"]
[Date "2013.07.09"]
[Round "4"]
[Board "9"]
[White "Snider, Lukas"]
[Black "Repkova, Eva"]
[Result "0-1"]
[WhiteElo "2004"]
[BlackElo "2374"]
[PlyCount "0"]
[EventDate "2013.07.06"]
[EventRounds "9"]
[EventCountry "SVK"]

1. d4 {[%clk 1:30:44]} d5 {[%clk 1:30:34]} 2. Nf3 {[%clk 1:31:06]} e6
{[%clk 1:31:00]} 3. Bf4 {[%clk 1:31:31]} Bd6 {[%clk 1:31:26]} 4. Bg3
{[%clk 1:31:49]} Nf6 {[%clk 1:31:51]} 5. e3 {[%clk 1:28:19]} O-O {[%clk 1:32:07]}
6. Nbd2 {[%clk 1:27:18]} c5 {[%clk 1:31:23]} 7. c3 {[%clk 1:27:35]} b6
{[%clk 1:31:45]} 8. Bd3 {[%clk 1:19:05]} Ba6 {[%clk 1:32:01]} 9. Qb1
{[%clk 1:19:29]} Bxd3 {[%clk 1:27:05]} 10. Qxd3 {[%clk 1:19:51]} Nc6
{[%clk 1:25:14]} 11. Bh4 {[%clk 1:10:07]} Rc8 {[%clk 1:22:39]} 12. O-O
{[%clk 1:01:15]} Qc7 {[%clk 1:18:34]} 13. Bxf6 {[%clk 0:58:05]} gxf6
{[%clk 1:16:14]} 14. e4 {[%clk 0:58:27]} Ne7 {[%clk 1:12:34]} 15. Rfe1
{[%clk 0:54:33]} cxd4 {[%clk 1:12:10]} 16. cxd4 {[%clk 0:53:56]} Qc2
{[%clk 1:10:19]} 17. Qe3 {[%clk 0:26:38]} Ng6 {[%clk 1:05:38]} 18. exd5
{[%clk 0:24:11]} Bf4 {[%clk 1:05:33]} 19. Qe2 {[%clk 0:24:28]} exd5
{[%clk 1:05:43]} 20. Nb3 {[%clk 0:24:36]} a5 {[%clk 1:02:43]} 21. Qb5
{[%clk 0:24:36]} Qxb2 {[%clk 0:57:12]} 22. Re2 {[%clk 0:24:29]} Qc3
{[%clk 0:56:36]} 23. Rae1 {[%clk 0:23:18]} Qc6 {[%clk 0:55:17]} 24. Qd3
{[%clk 0:21:52]} a4 {[%clk 0:53:05]} 25. Na1 {[%clk 0:21:29]} b5 {[%clk 0:44:54]}
26. Nc2 {[%clk 0:19:26]} Qd7 {[%clk 0:41:00]} 27. g3 {[%clk 0:17:59]} Bd6
{[%clk 0:39:34]} 28. Rb1 {[%clk 0:16:44]} Qg4 {[%clk 0:25:29]} 29. Kh1
{[%clk 0:12:15]} Rc4 {[%clk 0:22:05]} 30. Rxb5 {[%clk 0:10:38]} Rfc8
{[%clk 0:22:31]} 31. Nce1 {[%clk 0:09:43]} Rc3 {[%clk 0:22:47]} 32. Re8+
{[%clk 0:07:54]} Kg7 {[%clk 0:22:47]} 33. Qe2 {[%clk 0:08:16]} Rxe8
{[%clk 0:22:07]} 34. Qxe8 {[%clk 0:08:35]} Rxf3 {[%clk 0:18:00]} 35. Nxf3
{[%clk 0:08:12]} Qxf3+ {[%clk 0:18:24]} 36. Kg1 {[%clk 0:08:33]} Qd1+
{[%clk 0:15:42]} 37. Kg2 {[%clk 0:08:57]} Qxd4 {[%clk 0:16:04]} 38. Rb7
{[%clk 0:08:56]} Qe4+ {[%clk 0:12:41]} 39. Qxe4 {[%clk 0:09:05]} dxe4
{[%clk 0:13:11]} 40. Rd7 {[%clk 0:07:39]} Bf8 {[%clk 0:10:16]} 41. Rd4
{[%clk 0:07:27]} a3 {[%clk 0:10:45]} 42. Rxe4 {[%clk 0:07:47]} Ne5
{[%clk 0:11:02]} 43. f4 {[%clk 0:06:23]} Nd3 {[%clk 0:11:26]} 44. Rd4
{[%clk 0:05:41]} Nb4 {[%clk 0:08:54]} 45. Rd2 {[%clk 0:05:56]} f5
{[%clk 0:09:04]} 46. h3 {[%clk 0:03:26]} Be7 {[%clk 0:09:22]} 47. Kf3
{[%clk 0:01:04]} Bf6 {[%clk 0:09:34]} 48. Ke2 {[%clk 0:20:12]} Bb2
{[%clk 0:39:18]} 49. Kd1 {[%clk 0:19:59]} Nxa2 {[%clk 0:39:43]} 50. Kc2
{[%clk 0:15:06]} Nc1 {[%clk 0:33:32]} 51. Rd5 {[%clk 0:11:36]} Bf6
{[%clk 0:31:20]} 52. Rxf5 {[%clk 0:06:36]} a2 {[%clk 0:25:09]} 53. Ra5
{[%clk 0:06:50]} a1=Q {[%clk 0:25:37]} 54. Rxa1 {[%clk 0:07:07]} Bxa1
{[%clk 0:26:06]} 55. Kxc1 {[%clk 0:07:31]} Kf6 {[%clk 0:17:53]} 56. Kd1
{[%clk 0:07:47]} Kf5 {[%clk 0:18:11]} 57. Ke2 {[%clk 0:08:05]} Ke4
{[%clk 0:18:35]} 58. Kf2 {[%clk 0:08:18]} Bd4+ {[%clk 0:18:37]} 59. Kg2
{[%clk 0:08:08]} h5 {[%clk 0:18:19]} 60. h4 {[%clk 0:04:10]} f5 {[%clk 0:18:09]}
61. Kh2 {[%clk 0:03:29]} Kf3 {[%clk 0:18:36]} 62. Kh3 {[%clk 0:03:34]} Bg1
{[%clk 0:18:57]} 0-1

[Event "V4 OPEN - International Championship of Slovakia 2
[Site "Banska Stiavnica"]
[Date "2013.07.09"]
[Round "4"]
[Board "10"]
[White "Plachetka, Jan"]
[Black "Nayhebaver, Martin"]
[Result "1/2-1/2"]
[WhiteElo "2355"]
[BlackElo "2228"]
[PlyCount "0"]
[EventDate "2013.07.06"]
[EventRounds "9"]
[EventCountry "SVK"]

1. e4 {[%clk 1:30:08]} c5 {[%clk 1:30:50]} 2. Nf3 {[%clk 1:30:33]} d6
{[%clk 1:30:59]} 3. d4 {[%clk 1:29:38]} cxd4 {[%clk 1:31:18]} 4. Nxd4
{[%clk 1:30:07]} Nf6 {[%clk 1:31:28]} 5. Nc3 {[%clk 1:30:33]} a6 {[%clk 1:31:47]}
6. Bc4 {[%clk 1:30:50]} e6 {[%clk 1:31:37]} 7. Bb3 {[%clk 1:30:27]} Be7
{[%clk 1:29:33]} 8. O-O b5 {[%clk 1:29:30]} 9. Qf3 {[%clk 1:30:01]} Qc7
{[%clk 1:29:39]} 10. Re1 {[%clk 1:28:44]} O-O {[%clk 1:26:53]} 11. Qg3
{[%clk 1:28:38]} Bd7 {[%clk 1:25:14]} 12. Bh6 {[%clk 1:28:03]} Ne8
{[%clk 1:25:38]} 13. Rad1 {[%clk 1:26:50]} Kh8 {[%clk 1:23:36]} 14. Bg5
{[%clk 1:27:08]} Nf6 {[%clk 1:16:03]} 15. Qh4 {[%clk 1:26:02]} Nc6
{[%clk 1:13:06]} 16. Nxc6 {[%clk 1:22:26]} Bxc6 {[%clk 1:12:41]} 17. Re3
{[%clk 1:15:21]} Ng8 {[%clk 1:12:24]} 18. Rh3 {[%clk 1:11:57]} h6
{[%clk 1:12:28]} 19. Bxe7 {[%clk 1:04:36]} Qxe7 {[%clk 1:05:47]} 20. Qxe7
{[%clk 0:51:11]} Nxe7 {[%clk 1:06:00]} 21. Rxd6 {[%clk 0:45:39]} b4
{[%clk 1:05:20]} 22. Na4 {[%clk 0:44:58]} Bxe4 {[%clk 1:04:52]} 23. Nc5
{[%clk 0:44:02]} Bf5 {[%clk 0:56:58]} 24. Rh4 {[%clk 0:40:31]} Rfc8
{[%clk 0:45:58]} 25. Rxa6 {[%clk 0:36:10]} Rxa6 {[%clk 0:37:15]} 26. Nxa6
{[%clk 0:36:22]} Bxc2 {[%clk 0:37:09]} 27. Rc4 {[%clk 0:35:10]} Rxc4
{[%clk 0:34:47]} 28. Bxc4 {[%clk 0:31:38]} Nc6 {[%clk 0:34:59]} 29. Kf1
{[%clk 0:30:45]} Ne5 {[%clk 0:30:48]} 30. Nxb4 {[%clk 0:28:41]} Nxc4
{[%clk 0:31:11]} 31. Nxc2 {[%clk 0:29:05]} Nxb2 {[%clk 0:31:35]} 32. Ke2
{[%clk 0:29:14]} Kg8 {[%clk 0:30:29]} 33. Ne3 {[%clk 0:29:35]} Kf8
{[%clk 0:29:13]} 34. Kd2 {[%clk 0:29:44]} Na4 {[%clk 0:29:21]} 35. Nd1
{[%clk 0:27:35]} Ke7 {[%clk 0:28:38]} 36. Nc3 {[%clk 0:27:58]} Nc5
{[%clk 0:29:01]} 37. Ke3 {[%clk 0:28:09]} e5 {[%clk 0:27:42]} 38. Ne4
{[%clk 0:27:51]} Nb7 {[%clk 0:24:20]} 39. Kd3 {[%clk 0:25:55]} Kd7
{[%clk 0:23:07]} 40. Nd2 {[%clk 0:24:20]} Kc6 {[%clk 0:22:06]} 41. Ke4
{[%clk 0:18:50]} Nc5+ {[%clk 0:22:13]} 42. Kxe5 {[%clk 0:19:08]} Nd3+
{[%clk 0:22:26]} 43. Kf5 {[%clk 0:19:21]} Nxf2 {[%clk 0:22:28]} 44. Nc4
{[%clk 0:16:41]} Kd5 {[%clk 0:20:51]} 45. Ne3+ {[%clk 0:13:47]} Kd4
{[%clk 0:20:30]} 46. Ng4 {[%clk 0:13:14]} Nd3 {[%clk 0:14:53]} 47. h4
{[%clk 0:11:36]} h5 {[%clk 0:19:42]} 48. Nh2 {[%clk 0:42:33]} Ke3
{[%clk 0:19:54]} 49. a4 {[%clk 0:41:47]} Kf2 {[%clk 0:19:57]} 50. a5
{[%clk 0:36:04]} Nb4 {[%clk 0:20:00]} 51. Nf3 {[%clk 0:34:00]} Kxg2
{[%clk 0:20:06]} 52. Nd4 {[%clk 0:33:11]} Kg3 {[%clk 0:19:34]} 53. Kg5
{[%clk 0:32:23]} g6 {[%clk 0:19:31]} 54. Ne2+ {[%clk 0:31:45]} Kf3
{[%clk 0:19:31]} 55. Nc3 {[%clk 0:30:07]} Kg3 {[%clk 0:18:18]} 56. Ne4+
{[%clk 0:30:28]} Kh3 {[%clk 0:18:39]} 57. Nd6 {[%clk 0:29:26]} f6+
{[%clk 0:18:55]} 58. Kxg6 {[%clk 0:29:35]} Kxh4 {[%clk 0:19:17]} 59. Kxf6
{[%clk 0:29:47]} Kg4 {[%clk 0:19:26]} 60. Nf5 1/2-1/2

[Event "V4 OPEN - International Championship of Slovakia 2
[Site "Banska Stiavnica"]
[Date "2013.07.09"]
[Round "4"]
[Board "11"]
[White "Petran, Peter"]
[Black "Holtman, Teodor"]
[Result "1-0"]
[WhiteElo "2324"]
[BlackElo "1725"]
[PlyCount "0"]
[EventDate "2013.07.06"]
[EventRounds "9"]
[EventCountry "SVK"]

1. g3 {[%clk 1:30:45]} d5 {[%clk 1:30:45]} 2. Bg2 {[%clk 1:31:07]} c6
{[%clk 1:31:06]} 3. Nf3 {[%clk 1:31:27]} Bg4 {[%clk 1:31:27]} 4. d3
{[%clk 1:31:50]} Nd7 {[%clk 1:31:38]} 5. Nbd2 {[%clk 1:32:14]} e6
{[%clk 1:31:54]} 6. O-O {[%clk 1:32:23]} Be7 {[%clk 1:30:57]} 7. h3
{[%clk 1:31:49]} Bh5 {[%clk 1:31:25]} 8. Qe1 {[%clk 1:31:15]} Ngf6
{[%clk 1:24:47]} 9. e4 dxe4 {[%clk 1:23:25]} 10. dxe4 {[%clk 1:31:41]} Bg6
{[%clk 1:17:27]} 11. b3 {[%clk 1:31:47]} h6 {[%clk 1:15:49]} 12. Bb2
{[%clk 1:32:12]} O-O {[%clk 1:15:05]} 13. a3 {[%clk 1:32:35]} Nc5
{[%clk 1:08:10]} 14. Ne5 {[%clk 1:31:06]} Bh7 {[%clk 1:08:15]} 15. Qe2
{[%clk 1:30:21]} Qc7 {[%clk 1:01:23]} 16. Rac1 {[%clk 1:24:37]} Rad8
{[%clk 0:55:28]} 17. Rfd1 {[%clk 1:23:16]} Rfe8 {[%clk 0:50:15]} 18. Kh2
{[%clk 1:20:05]} Bd6 {[%clk 0:48:03]} 19. Nec4 {[%clk 1:18:12]} Be7
{[%clk 0:47:52]} 20. e5 {[%clk 1:08:49]} Nd5 {[%clk 0:44:51]} 21. Nf3
{[%clk 1:05:22]} Ne4 {[%clk 0:41:16]} 22. Qe1 {[%clk 1:01:33]} b5
{[%clk 0:32:09]} 23. Ne3 {[%clk 1:00:37]} b4 {[%clk 0:23:05]} 24. Nxd5
{[%clk 0:48:50]} exd5 {[%clk 0:18:55]} 25. axb4 {[%clk 0:49:06]} Qb6
{[%clk 0:18:42]} 26. Bd4 {[%clk 0:44:07]} Qxb4 {[%clk 0:18:41]} 27. Kg1
{[%clk 0:36:34]} a5 {[%clk 0:07:21]} 28. Ra1 {[%clk 0:36:02]} Qxe1+
{[%clk 0:06:34]} 29. Nxe1 {[%clk 0:35:33]} Bb4 {[%clk 0:04:51]} 30. Nd3
{[%clk 0:19:39]} Nc3 {[%clk 0:03:54]} 31. Nxb4 {[%clk 0:18:12]} axb4
{[%clk 0:03:58]} 32. Rd2 {[%clk 0:16:33]} Ra8 {[%clk 0:00:33]} 33. Rxa8
{[%clk 0:13:36]} Rxa8 {[%clk 0:30:45]} 1-0